Statistics for Lady Gaga - You and I Lyrics

Click here to take the quiz!

General Stats

  • This quiz has been taken 270 times
  • The average score is 47 of 56

Answer Stats

HintAnswer% Correct
It's been a long time since I came ______Around
99%
It's been a long time since I came ______Around
99%
Been a long time but I'm back in ____Town
98%
Been a long time but I'm back in ____Town
98%
This time I'm not ________ without youLeaving
97%
And this time I'm not ______ without youLeaving
97%
This time I'm not _______ without youLeaving
97%
This time I'm not ______ without youLeaving
97%
Sit back down on the couch where we made ____ the first timeLove
95%
For Nebraska, Nebraska, I ____ yaLove
95%
Sit back down on the couch where we made ____ the first timeLove
95%
And you ____ to meSaid
95%
And you ____ to meSaid
95%
Somethin', 'bout lonely nights and my ________ on your faceLipstick
94%
Somethin', 'bout lonely nights and my ________ on your faceLipstick
94%
Somethin', somethin' about this _____Place
94%
Somethin', somethin' about this _____Place
94%
Yeah something about, ____, you and IBaby
93%
Yeah something about, ____, you and IBaby
93%
Sit back down where you _____Belong
92%
He said, sit back down where you _______Belong
92%
In the corner of my bar with your ____ _____ onHigh heels
92%
In the corner of my bar with your ____ _____ onHigh Heels
92%
Somethin', somethin' about my cool ________ guyNebraska
90%
Somethin', somethin' about my cool ________ guyNebraska
90%
Muscle cars drove a truck right through my _____Heart
89%
I couldn't listen to a joke or ____ 'n' ____Rock 'n' roll
89%
You and I, you, ___ ___ _You and I
87%
You and I, you, ___ ___ _You and I
87%
You and I, you, ___ ___ _You and I
87%
You and I, you, ___ ___ _You and I
87%
You, you and I, you, ___ ___ _You and I
87%
I’d give anything again to be your baby ____Doll
86%
Baby I rather ___Die
85%
Oh, yeah, I'd rather ___Die
85%
We got a whole lot of money but we still pay ____Rent
82%
It's been ___ years since I let you goTwo
81%
It's my daddy and Nebraska and _____ ______Jesus Christ
80%
On my ________ you sang me "A Heart Of Gold"Birthday
79%
Still want my lipstick all over your ____Face
79%
'Cause you can't buy a house in ______Heaven
79%
You taste like _______ when you kiss me, ohWhiskey
79%
Six whole _____Years
79%
Without you ___ IAnd
73%
There's only three ___ that I'mma serve my whole lifeMen
71%
_______ you and IWithout
71%
_______ you and IWithout
71%
Nebraska, I'd ______ die,Rather
69%
So put your ______ up for Nebraska,Drinks
67%
Put your ______ up!Drinks
67%
Somethin', somethin' about just knowing when it's _____Right
66%
Somethin', somethin' about the _____Chase
63%
Ooh-oh, ___-__Ooh-oh
52%
I'm a ___ ____ woman born to run you downNew York
51%
With a guitar hummin' and no _______Clothes
43%
_'___!C'mon
40%

Score Distribution

Percentile by Number Answered

Percent of People with Each Score

Your Score History

You have not taken this quiz